| 000 | 00555nam a2200157 a 4500 | ||
|---|---|---|---|
| 001 | 000035992 | ||
| 005 | 20200930074801.0 | ||
| 008 | 111122s1999 dr a 000 0 spa d | ||
| 040 |
_aDO-SdBNP _bspa _cBNPHU |
||
| 082 |
_axxxx _bB352c |
||
| 100 | 1 |
_aBautista López, Benito _919942 |
|
| 245 | 1 | 0 |
_aCreatividad y recopilación de las artes bellas y utiles o menores : _b¿Cómo conocer la belleza del ser? / _cBenito Bautista López. |
| 260 |
_aSanto Domingo : _bImpresora VM, _c1999. |
||
| 300 |
_a169 p. : _bil. ; _c21 cm. |
||
| 500 | _aIncluye notas musicales. | ||
| 999 |
_c35483 _d35483 |
||